=LDR 00000nam 2200000 4500 =001 INLIS000000000027161 =005 20130612125545 =008 ***********************************Ind** =035 ##$$0010-061300000027161 =041 ##$$a Ind =082 ##$$a 373.3 =090 ##$$a 373.3, Par p =100 ##$$a Parker, Steve =245 ##$$a Penjelajah ruang angkasa Alien ruang angkasa, Steve Parker; alih bahasa, Wulandari =260 ##$$a 2007 $b Bandung =300 ##$$a 31 hlm., ilus., 29 cm =650 ##$$a Sains, Pendidikan dasar =700 ##$$a Doughty, Sarah =850 ##$$a NBPNMAT